| 000 | 01423cam a2200133 4500500 | ||
|---|---|---|---|
| 005 | 20260405040546.0 | ||
| 041 | _afre | ||
| 042 | _adc | ||
| 100 | 1 | 0 |
_aPrédal, René _eauthor |
| 245 | 0 | 0 | _aLa critique de cinéma |
| 260 |
_bArmand Colin,
_c2004. |
||
| 520 | _aAttachée à l'étude des œuvres, la critique de cinéma s'est imposée, singulièrement en France, comme un genre à part, bien distinct des approches historique et critique. Réputée subjective ou idéologique et faisant l'objet de reproches récurrents, elle n'en est pas moins à prendre en considération : seule garante de la légitimité du patrimoine, elle est aussi nécessaire à l'accompagnement du plaisir du spectateur qu'à l'approfondissement des recherches esthétiques propres aux études cinématographiques. Vraie synthèse, cet ouvrage évoque l'histoire et l'influence de l'activité critique : il en spécifie la nature et les fonctions, en expose les combats passés et actuels, en présente les grands courants, et s'interroge sur cette « politique des auteurs » qui en est devenue la méthodologie la plus répandue. Il se prononce enfin sur la capacité actuelle de renouvellement du genre, face à la remise en cause de sa place dans la presse comme dans l'évolution de la création cinématographique. | ||
| 856 | 4 | 1 | _uhttps://shs.cairn.info/la-critique-de-cinema--9782200340100?lang=fr&redirect-ssocas=7080 |
| 999 |
_c2163172 _d2163172 |
||